1146 1417 1490 1751 1650 1544 1119 1298 1192 1058 1314 1090 1270 1616 1116 1866 1506 1990 1581 1463 1767 1632 1678 1182 1322 1307 1619 1155 1613 1537 1893 1991 1686 1396 1720 1498 1867 1372 1059 1414 1796 1018 1118 1304 1946 1459 1244 1238 1428 1196 1493 1634 1824 1905 1561 1264 1039 1772 1457 1888 1917 1241 1795 1090 1113 1372 1981 1967 1012 1687 1189 1931 1233 1386 1777 1093 1619 1854 1815 1638 1230 1535 1015 1015 1373 1602 1654 1792 1233 1579 1451 1703 1007 1484 1500 1751 1132 1943 1789 BCNSPRNW ULIB Ver.6.0+V

เปลี่ยนเป็นภาษาไทย

Change to English
 แสดงรายละเอียดบรรณานุกรม
  กลับหน้าหลัก

Brief Record : Get Marc (ISO 2709) : E-mail record : QR code < ปิดหน้าต่าง
LEADER : 00000nam 2200000uu 4500
001    13399110640
003     ULIB
008    110606s2545||||th 000 0 tha d
020    9740501478
060 04 WR140^bป178ค 2545
245 00 ความรู้เรื่องโรคสะเก็ดเงินสำหรับประชาชน /^cป่วน สุทธิพินิจธรรม, บรรณาธิการ
246 30 โรคสะเก็ดเงินสำหรับประชาชน
250    พิมพ์ครั้งที่ 1
260    กรุงเทพฯ :^bภาควิชาตจวิทยา คณะแพทยศาสตร์ศิริราชพยาบาลมหาวิทยาลัยมหิดล,^c2545
300    xiv, 103 หน้า :^bภาพประกอบสี ;^c21 ซม.
504    ดัชนี
650  2 Psoriasis
650  2 Skin Diseases
650  7 ผิวหนัง^xโรค^vคู่มือ
650  7 เรื้อนกวาง^vคู่มือ
650  7 โรคสะเก็ดเงิน^vคู่มือ
653    ผลงานอาจารย์คณะแพทยศาสตร์ศิริราชพยาบาล
700 0  ป่วน สุทธิพินิจธรรม,^eบรรณาธิการ
710 2  มหาวิทยาลัยมหิดล. ^bคณะแพทยศาสตร์ศิริราชพยาบาล.^bภาควิชาตจวิทยา
945    ^p60^l0^i017607
945    ^p60^l0^i017606
995    ทศพร
999 ^a ใช้งานได้ทุกระบบ
รายการนี้ยังไม่มีแท็ก
คุณยังไม่ได้ล็อกอิน คุณสามารถมีกิจกรรมร่วมกับเว็บไซต์ได้ แต่ต้องล็อกอินก่อน ::
  ล็อกอิน

รายการสื่อสารสนเทศ

ลำดับที่ ประเภท เลขเรียก/บาร์โค้ด สถานที่ สถานะ
- ไม่พบข้อมูล -

รายการใกล้เคียง
    หัวเรื่อง [Skin Diseases]

BibComment


ยังไม่เคยถูกคอมเมนท์

คอมเมนท์ทรัพยากรรายการนี้
  คอมเมนท์: ความรู้เรื่องโรคส..


 Copyright 2026. Bcnsprnw @Library